[Event "7th C. Schlechter Memorial"]
[Site ""Vienna, AUSTRIA""]
[Date ""1996.10.28""]
[Round "3"]
[White "Sader, M."]
[Black "Sandhu, M."]
[Result "1-0"]
[WhiteElo "2285"]
[BlackElo "2130"]
[PlyCount "43"]

1. Nf3 f5 2. b3 d6 3. d4 Nf6 4. Bb2 g6 5. g3 Bg7 6. Bg2 O-O 7. O-O c6 8. c4 Qc7
9. Nbd2 Nh5 10. e4 f4 11. Qc2 h6 12. d5 g5 13. Bxg7 Kxg7 14. Rfe1 fxg3 15. hxg3
e5 16. dxe6 Bxe6 17. e5 Qf7 18. Ne4 dxe5 19. Nxe5 Qf5 20. Qb2 Nf6 21. Nd6 Qh7
22. Nxb7 1-0

[Event "7th C. Schlechter Memorial"]
[Site ""Vienna, AUSTRIA""]
[Date ""1996.10.28""]
[Round "3"]
[White "Meszaros, G."]
[Black "Weissel, G."]
[Result "1-0"]
[WhiteElo "2300"]
[BlackElo "2095"]
[PlyCount "53"]

1. d4 Nf6 2. Bg5 e6 3. Nc3 d5 4. e4 dxe4 5. Nxe4 Be7 6. Nxf6+ Bxf6 7. Bxf6 Qxf6
8. Nf3 O-O 9. Qd2 c5 10. O-O-O Rd8 11. Qc3 cxd4 12. Rxd4 Nc6 13. Rxd8+ Qxd8 14.
Bb5 Bd7 15. Rd1 Qe7 16. Kb1 Rd8 17. a3 Be8 18. Rxd8 Qxd8 19. Bd3 h6 20. Qc5 b6
21. Qe3 Qd6 22. h4 Ne7 23. Qe4 f5 24. Qa8 Kf7 25. Qxa7 Kf6 26. Qa8 Qc6 27. Qd8
1-0

[Event "7th C. Schlechter Memorial"]
[Site ""Vienna, AUSTRIA""]
[Date ""1996.10.28""]
[Round "3"]
[White "Holzer, G."]
[Black "Kindermann, S."]
[Result "0-1"]
[WhiteElo "2230"]
[BlackElo "2530"]
[PlyCount "114"]

1. e4 e6 2. Nf3 d5 3. Nc3 Nf6 4. e5 Nfd7 5. d4 c5 6. dxc5 Nc6 7. Bf4 Bxc5 8.
Bd3 f6 9. exf6 Nxf6 10. O-O O-O 11. Ne5 Bd7 12. Qe2 Nxe5 13. Bxe5 Qe7 14. Rae1
Rae8 15. Nb5 Bxb5 16. Bxb5 Ne4 17. Bg3 Rc8 18. Qg4 Nd2 19. Bh4 Qf7 20. Rxe6
Nxf1 21. Kxf1 Qf4 22. Qxf4 Rxf4 23. Bd7 Rcf8 24. Bg3 R4f7 25. Be8 Re7 26. Rxe7
Bxe7 27. Bh5 Bf6 28. Bf3 Rd8 29. b3 Kf8 30. Ke2 {} 30... Be5 31. Bxe5 Re8 32.
Ke3 Rxe5+ 33. Kd4 Rf5 34. Bxd5 Rxf2 35. Bxb7 Rxc2 36. a4 Ke7 37. Be4 Rb2 38.
Kc3 Re2 39. Bf3 Ra2 40. Kb4 Kd6 41. Ka5 Kc7 42. Kb5 Rd2 43. Ka6 Kb8 44. Kb5 Rd6
45. Kc5 Ra6 46. h3 Kc7 47. Be4 h6 48. Kd5 Rb6 49. Kc4 a5 50. Bd5 Kd6 51. Kd4
Rb8 52. Bc4 Rf8 53. Bd3 Rf4+ 54. Be4 Rh4 55. Ke3 Kc5 56. Bf5 Kb4 57. g3 Rh5 0-1

[Event "7th C. Schlechter Memorial"]
[Site ""Vienna, AUSTRIA""]
[Date ""1996.10.28""]
[Round "3"]
[White "Stanka, W."]
[Black "Schuh, F."]
[Result "1-0"]
[WhiteElo "2220"]
[BlackElo "2285"]
[PlyCount "59"]

1. e4 e5 2. Nf3 Nc6 3. Bb5 a6 4. Bxc6 dxc6 5. Nc3 f6 6. d4 exd4 7. Qxd4 Bg4 8.
Be3 Bxf3 9. gxf3 Qxd4 10. Bxd4 Bb4 11. a3 Ba5 12. O-O-O Ne7 13. Rhg1 Kf7 14.
Bc5 g6 15. Rd7 Rhe8 16. b4 Bb6 17. Bxb6 cxb6 18. Rxb7 b5 19. Rd1 a5 20. bxa5
Rxa5 21. Kb2 Ke6 22. Rdd7 b4 23. axb4 Rh5 24. Ne2 Rxh2 25. Nd4+ Ke5 26. Rxe7+
Rxe7 27. Nxc6+ Kd6 28. Nxe7 Rxf2 29. Nd5 Rxf3 30. c4 1-0

[Event "7th C. Schlechter Memorial"]
[Site ""Vienna, AUSTRIA""]
[Date ""1996.10.28""]
[Round "3"]
[White "Prager, M."]
[Black "Grabher, H."]
[Result "0-1"]
[WhiteElo "2165"]
[BlackElo "2275"]
[PlyCount "88"]

1. e4 c5 2. Nf3 e6 3. Nc3 Nc6 4. d4 cxd4 5. Nxd4 Nf6 6. Nxc6 bxc6 7. e5 Nd5 8.
Bd2 Qb6 9. Rb1 Qd4 10. Nxd5 cxd5 11. Bc3 Qh4 12. Qd4 Qxd4 13. Bxd4 Bb7 14. Bd3
Be7 15. O-O O-O 16. f4 d6 17. Rf3 dxe5 18. fxe5 a5 19. Rh3 g6 20. a4 Rfc8 21.
Rf1 Bc5 22. Rf4 Bxd4+ 23. Rxd4 Ba6 24. Rdh4 h5 25. g4 Bxd3 26. cxd3 Rab8 27.
Kf2 Rxb2+ 28. Kf3 hxg4+ 29. Rxg4 Rb4 30. Rgg3 Rc3 31. Ke3 Kg7 32. Rg2 Rxa4 33.
Rb2 Rb4 34. Ra2 a4 35. Rf3 a3 36. Raf2 Rc7 37. Ra2 Ra7 38. Rff2 Rh4 39. Kd2 d4
40. Kc2 Rc7+ 41. Kb3 Rc3+ 42. Kb4 Rxd3 43. Rxa3 Rxa3 44. Kxa3 Re4 0-1

[Event "7th C. Schlechter Memorial"]
[Site ""Vienna, AUSTRIA""]
[Date ""1996.10.28""]
[Round "3"]
[White "Todor, R."]
[Black "Spindelboeck, G."]
[Result "1/2-1/2"]
[WhiteElo "2120"]
[BlackElo "2260"]
[PlyCount "59"]

1. g3 d5 2. Bg2 Nf6 3. Nf3 c5 4. O-O Nc6 5. d3 e6 6. Nbd2 Be7 7. b3 b6 8. Bb2
Bb7 9. a3 O-O 10. Re1 d4 11. e4 dxe3 12. fxe3 Qc7 13. Qe2 Rad8 14. Rf1 h6 15.
Rae1 b5 16. Qd1 Ng4 17. Qa1 Bf6 18. Ne4 Bxb2 19. Qxb2 Ne7 20. Nf2 Nxf2 21. Rxf2
Nc6 22. Nd2 Ne7 23. Bxb7 Qxb7 24. Qe5 Qd5 25. Qf4 Ng6 26. Qg4 Ne5 27. Qh5 c4
28. bxc4 bxc4 29. d4 Nc6 30. Qe2 1/2-1/2

[Event "7th C. Schlechter Memorial"]
[Site ""Vienna, AUSTRIA""]
[Date ""1996.10.28""]
[Round "3"]
[White "Denk, A."]
[Black "Kuthan, A."]
[Result "1-0"]
[WhiteElo "2255"]
[BlackElo "2225"]
[PlyCount "85"]

1. d4 Nf6 2. Nf3 d5 3. c4 c6 4. Nc3 dxc4 5. a4 Bf5 6. Ne5 e6 7. e3 Nbd7 8. Nxc4
a5 9. Be2 Bb4 10. O-O O-O 11. Bd2 Qe7 12. Na2 Bxd2 13. Qxd2 e5 14. Rfd1 Ne4 15.
Qe1 exd4 16. Rxd4 Ndc5 17. Nxa5 Qc7 18. b4 Rfe8 19. Nc1 Ne6 20. Rc4 Nd6 21. Rc3
Ne4 22. Rca3 Qe7 23. Nc4 Nc7 24. Nd3 Nd5 25. Nce5 Nd6 26. Qc1 Rad8 27. Bf3 Ne4
28. Qb2 Ndf6 29. a5 Ng5 30. Be2 Nfe4 31. a6 bxa6 32. Nxc6 Qc7 33. Nxd8 Rxd8 34.
Nc5 Rd2 35. Nxa6 Qe7 36. Qc1 Rxe2 37. R3a2 Rxa2 38. Rxa2 h6 39. Nc5 Qf6 40. Qa1
Qxa1+ 41. Rxa1 Nxc5 42. bxc5 Be4 43. f3 1-0

[Event "7th C. Schlechter Memorial"]
[Site ""Vienna, AUSTRIA""]
[Date ""1996.10.28""]
[Round "3"]
[White "Zoebisch, H."]
[Black "Stuhlik, M."]
[Result "1-0"]
[WhiteElo "2245"]
[BlackElo "2215"]
[PlyCount "57"]

1. d4 d5 2. c4 Nc6 3. Nc3 e5 4. cxd5 Nxd4 5. e3 Nf5 6. Nf3 Bd6 7. e4 Nfe7 8.
Qb3 Nf6 9. Bg5 Nd7 10. O-O-O O-O 11. Qc2 a6 12. Nd2 b6 13. Nc4 f6 14. Be3 f5
15. Bg5 Nf6 16. f4 h6 {} 17. fxe5 hxg5 18. exd6 cxd6 19. e5 dxe5 20. Nxe5 Qd6
21. Nc4 Qb8 22. d6 Ng6 23. Ne3 Ra7 24. Bc4+ Kh8 25. Nxf5 Ne5 26. Bb3 Nfg4 27.
h3 Nf2 28. Qxf2 Rxf5 29. Qe2 1-0

[Event "7th C. Schlechter Memorial"]
[Site ""Vienna, AUSTRIA""]
[Date ""1996.10.28""]
[Round "3"]
[White "Hansen, K."]
[Black "Havlicek, J."]
[Result "1-0"]
[WhiteElo "2070"]
[BlackElo "2245"]
[PlyCount "73"]

1. d4 Nf6 2. Bg5 g6 3. Nf3 Bg7 4. e3 O-O 5. Bc4 d5 6. Bb3 c6 7. O-O a5 8. c4
Bg4 9. Nc3 Ne4 10. Bh4 Bxf3 11. gxf3 Nxc3 12. bxc3 a4 13. Bxa4 dxc4 14. Bc2 Nd7
15. a4 Ra5 16. Qb1 Rh5 17. Bg3 b5 18. Qb4 Nb6 19. axb5 Rxb5 20. Qa3 e5 21. Rfb1
exd4 22. cxd4 f5 23. Rxb5 cxb5 24. Qc5 f4 25. Ra6 fxg3 26. Rxb6 gxf2+ 27. Kxf2
Qh4+ 28. Kg2 Qe1 29. Be4 Qe2+ 30. Kg3 Qxe3 31. Rxb5 c3 32. Rb4 g5 33. Kg2 g4
34. Qd5+ Kh8 35. Rb7 gxf3+ 36. Bxf3 Rg8 37. Kh3 {Time} 1-0

[Event "7th C. Schlechter Memorial"]
[Site ""Vienna, AUSTRIA""]
[Date ""1996.10.28""]
[Round "3"]
[White "Hangweyrer, R."]
[Black "Bawart, M."]
[Result "1/2-1/2"]
[WhiteElo "2205"]
[BlackElo "2255"]
[PlyCount "41"]

1. c4 c5 2. Nc3 Nc6 3. g3 g6 4. Bg2 Bg7 5. Nf3 d6 6. O-O e5 7. d3 Nge7 8. a3
O-O 9. Rb1 a5 10. Nd5 Nxd5 11. cxd5 Ne7 12. e4 a4 13. b4 axb3 14. Qxb3 Ra6 15.
Be3 b6 16. Nd2 Bd7 17. Rfc1 f5 18. Bg5 Bf6 19. Bh6 Rf7 20. Nf3 Nc8 21. Bh3
1/2-1/2

[Event "7th C. Schlechter Memorial"]
[Site "Vienna, AUSTRIA"]
[Date "1996.10.30"]
[Round "4"]
[White "Groszpeter, A."]
[Black "Balinov, I."]
[Result "1/2-1/2"]
[WhiteElo "2545"]
[BlackElo "2385"]
[PlyCount "43"]

1. e4 c5 2. d3 d5 3. exd5 Qxd5 4. Nc3 Qd8 5. g3 Bd7 6. Bg2 Bc6 7. Nf3 Nf6 8.
O-O e6 9. a3 Nbd7 10. d4 Be7 11. dxc5 Nxc5 12. Qe2 O-O 13. Rd1 Qe8 14. b4 Nce4
15. Nxe4 Bxe4 16. Bb2 Qa4 17. Nd4 Bxg2 18. Kxg2 Rfc8 19. Qf3 Nd5 20. Nf5 Qxc2
21. Rxd5 exf5 22. Bd4 1/2-1/2

[Event "7th C. Schlechter Memorial"]
[Site "7. Carl-Schlechter-Gedenkturnier [GM A. Rotsh"]
[Date "1996.10.30"]
[Round "4"]
[White "Rotshtein, A."]
[Black "Alvir, A."]
[Result "1-0"]
[WhiteElo "2475"]
[BlackElo "2355"]
[PlyCount "37"]

1. e4 c5 2. c3 Qa5 3. Nf3 Nc6 4. Na3 d6 5. Nc4 Qc7 6. d4 cxd4 7. cxd4 Nf6 8. d5
Nb8 9. Be3 e5 10. Rc1 Qd8 11. Qa4+ Bd7 12. Qb4 Bc8 13. Nb6 axb6 14. Bxb6 Nc6
15. dxc6 d5 16. Qb5 bxc6 17. Rxc6 Qd7 18. Nxe5 Ba6 19. Nxd7 1-0

[Event "7th C. Schlechter Memorial"]
[Site "Vienna, AUSTRIA"]
[Date "1996.10.30"]
[Round "4"]
[White "Eisterer, H."]
[Black "Lau, R."]
[Result "0-1"]
[WhiteElo "2340"]
[BlackElo "2510"]
[PlyCount "58"]

1. e4 d6 2. d4 Nf6 3. Bd3 e5 4. c3 Nbd7 5. Nf3 Be7 6. O-O O-O 7. Re1 c6 8. Nbd2
Re8 9. Nf1 Bf8 10. Ng3 Qc7 11. h3 b6 12. Qc2 Bb7 13. Be3 a6 14. a4 g6 15. Rad1
Bg7 16. dxe5 Nxe5 17. Nxe5 dxe5 18. Bc4 b5 19. Ba2 c5 20. Rd2 h6 21. Red1 Bf8
22. f3 c4 23. b3 Bc8 24. bxc4 bxc4 25. a5 Be6 26. Qa4 Rab8 27. Kh2 Rb5 28. Bb6
Qc6 29. Nf1 Rxb6 0-1

[Event "7th C. Schlechter Memorial"]
[Site "Vienna, AUSTRIA"]
[Date "1996.10.30"]
[Round "4"]
[White "Stanec, N."]
[Black "Palos, O."]
[Result "1/2-1/2"]
[WhiteElo "2505"]
[BlackElo "2335"]
[PlyCount "37"]

1. c4 g5 2. Nc3 Bg7 3. d4 g4 4. e4 c5 5. dxc5 Bxc3+ 6. bxc3 Qa5 7. Ne2 Nc6 8.
Be3 Nf6 9. Qc2 b6 10. cxb6 axb6 11. Ng3 d6 12. Be2 h5 13. O-O h4 14. Nf5 h3 15.
g3 Ne5 16. Rfb1 Rb8 17. Nd4 Qa8 18. f3 gxf3 19. Nxf3 1/2-1/2

[Event "7th C. Schlechter Memorial"]
[Site "Vienna, AUSTRIA"]
[Date "1996.10.30"]
[Round "4"]
[White "Penz, H."]
[Black "Wittmann, W."]
[Result "1/2-1/2"]
[WhiteElo "2340"]
[BlackElo "2370"]
[PlyCount "42"]

1. e4 c5 2. Nf3 d6 3. c3 Nf6 4. Be2 g6 5. O-O Bg7 6. Bb5+ Bd7 7. Bxd7+ Nfxd7 8.
d4 O-O 9. Be3 Nc6 10. Nbd2 b5 11. dxc5 Nxc5 12. Nb3 Na4 13. Qd5 Qc7 14. Qxb5
Nxb2 15. Nbd4 Nxd4 16. cxd4 Rab8 17. Qe2 Na4 18. Qa6 Qd7 19. Rfc1 Rb6 20. Qc4
Rfb8 21. h3 h6 1/2-1/2

[Event "7th C. Schlechter Memorial"]
[Site "Vienna, AUSTRIA"]
[Date "1996.10.30"]
[Round "4"]
[White "Roth, P."]
[Black "Blatny, F."]
[Result "1/2-1/2"]
[WhiteElo "2295"]
[BlackElo "2325"]
[PlyCount "26"]

1. e4 e5 2. Nf3 Nc6 3. Bb5 a6 4. Bxc6 dxc6 5. d4 exd4 6. Qxd4 Qxd4 7. Nxd4 Bd7
8. O-O O-O-O 9. Be3 Re8 10. Nd2 Nf6 11. f3 c5 12. N4b3 b6 13. Rad1 Bc6 1/2-1/2

[Event "7th C. Schlechter Memorial"]
[Site "Vienna, AUSTRIA"]
[Date "1996.10.30"]
[Round "4"]
[White "Neumeier, K."]
[Black "Dirr, U."]
[Result "0-1"]
[WhiteElo "2280"]
[BlackElo "2260"]
[PlyCount "142"]

1. e4 e6 2. d4 d5 3. Nc3 Bb4 4. e5 Ne7 5. a3 Bxc3+ 6. bxc3 c5 7. Nf3 b6 8. Bb5+
Bd7 9. Bd3 Ba4 10. Bg5 h6 11. Bxe7 Qxe7 12. O-O Nc6 13. Re1 O-O 14. Re3 Rac8
15. Ra2 Rc7 16. Ne1 Rfc8 17. Rg3 c4 18. Qg4 Qf8 19. Be2 Ne7 20. f4 Kh8 21. Rh3
f5 22. exf6 Qxf6 23. Nf3 Rf8 24. g3 Nf5 25. Kf2 Nd6 26. Ne5 Ne4+ 27. Kg2 Nxc3
28. Rb2 Kh7 29. Qf3 Nb5 30. Qe3 Nd6 31. c3 Kg8 32. Ng4 Qg6 33. Nf2 Re7 34. Bh5
Qf6 35. Ng4 Qf5 36. Ne5 Be8 37. Bf3 Qh7 38. Rf2 Ba4 39. g4 Qb1 40. g5 Nf5 41.
Qe2 Be8 42. Rf1 Qb3 43. Bg4 Qxa3 44. Bxf5 Rxf5 45. gxh6 gxh6 46. Rxh6 Rg7+ 47.
Kh1 Qe7 48. Qe3 Rh5 49. f5 exf5 50. Rxh5 Bxh5 51. Qh6 Qg5 52. Qe6+ Bf7 53. Qc8+
Kh7 54. Qxf5+ Qxf5 55. Rxf5 Be6 56. Rf6 Bh3 57. Rf2 a5 58. Rb2 Rb7 59. Kg1 b5
60. Kf2 b4 61. Nc6 b3 62. Nxa5 Ra7 63. Kg3 Rxa5 64. Kxh3 Ra2 65. Rb1 Rc2 66.
Kg3 Rxc3+ 67. Kf4 Rc2 68. Re1 b2 69. Re7+ Kg6 70. Rb7 c3 71. h4 Rc1 0-1

[Event "7th C. Schlechter Memorial"]
[Site "Vienna, AUSTRIA"]
[Date "1996.10.30"]
[Round "4"]
[White "Schroll, G."]
[Black "Stanka, W."]
[Result "1-0"]
[WhiteElo "2380"]
[BlackElo "2220"]
[PlyCount "59"]

1. d4 c6 2. c4 d5 3. Nf3 Nf6 4. Nc3 dxc4 5. a4 Bf5 6. Nh4 e6 7. Nxf5 exf5 8. e3
g6 9. Bxc4 Bg7 10. Qb3 Qc7 11. Bd2 O-O 12. O-O Nbd7 13. a5 Ne4 14. Nxe4 fxe4
15. Bb4 c5 16. Rfc1 b6 17. axb6 axb6 18. Bxf7+ Kh8 19. Rxa8 Rxa8 20. Ba3 Qa7
21. Bd5 Re8 22. Bc6 Re7 23. Bxd7 Rxd7 24. dxc5 bxc5 25. Rxc5 Rd8 26. h3 Re8 27.
Qc2 Be5 28. Rxe5 Rxe5 29. Qc8+ Kg7 30. Qf8# 1-0

[Event "7th C. Schlechter Memorial"]
[Site "Vienna, AUSTRIA"]
[Date "1996.10.30"]
[Round "4"]
[White "Miniboeck, G."]
[Black "Zoebisch, H."]
[Result "1-0"]
[WhiteElo "2355"]
[BlackElo "2245"]
[PlyCount "45"]

1. d4 d5 2. c4 dxc4 3. Nf3 Nf6 4. e3 e6 5. Bxc4 c5 6. Qe2 a6 7. dxc5 Bxc5 8.
O-O Qc7 9. e4 Ng4 10. e5 Nxf2 11. Nc3 Nd1+ 12. Kh1 Nxc3 13. bxc3 Nd7 14. Ng5
Qxe5 15. Qf3 f5 16. Bf4 Qf6 17. Nxe6 Bxe6 18. Bxe6 Be7 19. Rae1 g5 20. Bc7 f4
21. Bd5 h5 22. Re6 Qf5 23. Rfe1 1-0

[Event "7th C. Schlechter Memorial"]
[Site "Vienna, AUSTRIA"]
[Date "1996.10.30"]
[Round "4"]
[White "Zetthofer, G."]
[Black "Meszaros, G."]
[Result "0-1"]
[WhiteElo "2215"]
[BlackElo "2300"]
[PlyCount "82"]

1. d4 Nf6 2. Nf3 g6 3. b3 Bg7 4. Bb2 c5 5. c4 cxd4 6. Nxd4 O-O 7. Nc3 d5 8. e3
Nc6 9. Be2 Nxd4 10. exd4 b6 11. Bf3 Bb7 12. O-O Rc8 13. Rc1 Qd7 14. Qe2 Ba6 15.
Nb5 Bxb5 16. cxb5 e6 17. a4 Bh6 18. Rcd1 Rc7 19. Qe5 Bg7 20. Rc1 Rfc8 21. Qf4
Ne8 22. Rxc7 Qxc7 23. Qe3 Nd6 24. Rc1 Qd7 25. g4 Rc7 26. Qf4 Qc8 27. Re1 Nb7
28. Re3 Bf8 29. Bd1 Bb4 30. Rh3 Nd6 31. Qh6 f5 32. Qf4 Ne4 33. Bf3 Bd2 34. Qe5
Ng5 35. Rg3 Nf7 36. Qe2 f4 37. Qxd2 fxg3 38. Bd1 gxf2+ 39. Qxf2 Ng5 40. Kg2 Ne4
41. Qe2 Rf7 0-1

[Event "7th C. Schlechter Memorial"]
[Site "Vienna, AUSTRIA"]
[Date "1996.10.30"]
[Round "4"]
[White "Kummer, H."]
[Black "Vodep, O."]
[Result "1/2-1/2"]
[WhiteElo "2300"]
[BlackElo "2205"]
[PlyCount "98"]

1. d4 f5 2. e4 fxe4 3. Nc3 Nf6 4. Bg5 Nc6 5. d5 Ne5 6. Qd4 Nf7 7. Bxf6 exf6 8.
Nxe4 f5 9. Nc3 g6 10. Bc4 Bd6 11. Nf3 O-O 12. O-O-O a6 13. Kb1 b5 14. Bb3 b4
15. Na4 Ng5 16. Ne5 Qf6 17. f4 Ne4 18. c4 bxc3 19. Nxc3 Nxc3+ 20. Qxc3 Rb8 21.
h4 Rb4 22. g3 Re4 23. a3 Re8 24. Rhe1 Bxe5 25. d6+ Kg7 26. fxe5 Qxe5 27. Rxe4
Qxc3 28. bxc3 Rxe4 29. dxc7 Re5 30. Bd5 h6 31. Kc2 Kf6 {} 32. Rb1 Rxd5 33. Rb8
Rc5 34. Rxc8 Ke7 35. Kd3 g5 36. Kd4 Rc6 37. hxg5 hxg5 38. Ke5 f4 39. gxf4 gxf4
40. Kxf4 Rxc3 41. Ke5 Rc6 42. a4 Kf7 43. a5 Ke7 44. Ra8 d6+ 45. Kd5 Rc5+ 46.
Kd4 Kd7 47. Rxa6 Kxc7 48. Ra7+ Kc6 49. Ra6+ Kc7 1/2-1/2

[Event "7th C. Schlechter Memorial"]
[Site "Vienna, AUSTRIA"]
[Date "1996.10.30"]
[Round "4"]
[White "Grabher, H."]
[Black "Stoeckl, E."]
[Result "1/2-1/2"]
[WhiteElo "2275"]
[BlackElo "2090"]
[PlyCount "101"]

1. e4 e5 2. Nf3 Nc6 3. Bc4 Be7 4. d4 d6 5. h3 Nf6 6. Nc3 O-O 7. O-O h6 8. b3
Nxe4 9. Nxe4 d5 10. Nxe5 Nxe5 11. dxe5 dxc4 12. Bb2 Qxd1 13. Raxd1 Bf5 14. Ng3
Be6 15. f4 Rfd8 16. f5 Bc5+ 17. Kh1 Bd5 18. Bc3 b5 19. b4 Bf8 20. Rb1 Rab8 21.
Rfe1 a5 22. a3 axb4 23. axb4 Ra8 24. Ne2 Ra3 25. Red1 c6 26. Bb2 Rxh3+ 27. Kg1
Rh4 28. Rd4 Rxd4 29. Bxd4 Be4 30. Rb2 Bxf5 31. c3 Ra8 32. Ng3 Bg6 33. Ne2 Be7
34. Nf4 Bf5 35. Kf2 Bg5 36. g3 g6 37. Kg2 h5 38. Kf3 Ra1 39. Rh2 Bg4+ 40. Ke3
Kf8 41. Rd2 Rf1 42. Ra2 h4 43. Ra8+ Ke7 44. Bc5+ Kd7 45. Ra7+ Kc8 46. Rxf7 hxg3
47. Rf8+ Kc7 48. Bd6+ Kd7 49. Rf7+ Kc8 50. Rf8+ Kd7 51. Rf7+ 1/2-1/2

[Event "7th C. Schlechter Memorial"]
[Site "Vienna, AUSTRIA"]
[Date "1996.10.30"]
[Round "4"]
[White "Sandhu, M."]
[Black "Groetz, R."]
[Result "1-0"]
[WhiteElo "2130"]
[BlackElo "2280"]
[PlyCount "113"]

1. e4 c5 2. Nf3 e6 3. d4 cxd4 4. Nxd4 Nf6 5. Nc3 d6 6. g4 Nc6 7. g5 Nd7 8. h4
Be7 9. Be3 a6 10. Qd2 O-O 11. O-O-O Nxd4 12. Bxd4 b5 13. f4 Bb7 14. Bd3 Qa5 15.
Kb1 b4 16. Ne2 e5 17. Be3 Nc5 18. Ng3 Rfd8 19. Qg2 exf4 20. Bxf4 Nxd3 21. cxd3
b3 22. axb3 Rab8 23. Bd2 Qb5 24. Bc3 Rdc8 25. Bd4 Bf8 26. Rhf1 Rc7 27. Nf5 g6
28. Nh6+ Bxh6 29. gxh6 Bc8 30. Qg5 Qxg5 31. hxg5 Be6 32. Rc1 Rcb7 33. Rc6 Rxb3
34. Kc2 d5 35. exd5 Bxd5 36. Rxa6 R3b5 37. Bf6 Rc8+ 38. Kd2 Rbc5 39. Rd6 Bb3
40. Ra1 Rc2+ 41. Ke3 Re8+ 42. Kd4 Rcc8 43. Raa6 Be6 44. b4 Rb8 45. Rab6 Ra8 46.
Ra6 Rab8 47. Rdb6 Rbc8 48. Ra7 Rc1 {} 49. Rxe6 fxe6 50. Rg7+ Kf8 51. Rxh7 e5+
52. Kd5 e4 53. Rh8+ Kf7 54. Rxe8 exd3 55. Re7+ Kf8 56. h7 Rh1 57. Rd7 1-0

[Event "7th C. Schlechter Memorial"]
[Site "Vienna, AUSTRIA"]
[Date "1996.10.30"]
[Round "4"]
[White "Weissel, G."]
[Black "Schwab, R."]
[Result "0-1"]
[WhiteElo "2095"]
[BlackElo "2265"]
[PlyCount "50"]

1. d4 Nf6 2. c4 c5 3. d5 e6 4. Nc3 exd5 5. cxd5 Bd6 6. Nf3 O-O 7. g3 Re8 8. Bg2
Bf8 9. O-O d6 10. Nd2 b6 11. h3 Na6 12. Nc4 Nc7 13. a4 Rb8 14. Qb3 Bb7 15. Rd1
Ba8 16. e4 a6 17. e5 dxe5 18. d6 Ne6 19. Nxe5 Bxg2 20. Kxg2 {} 20... Bxd6 21.
Nc6 Qc7 22. Nxb8 Nd4 23. Qc4 Qb7+ 24. Kg1 Nf3+ 25. Kf1 Nd2+ 0-1

[Event "7th C. Schlechter Memorial"]
[Site "Vienna, AUSTRIA"]
[Date "1996.10.30"]
[Round "4"]
[White "Schumi, M."]
[Black "Todor, R."]
[Result "1/2-1/2"]
[WhiteElo "2245"]
[BlackElo "2120"]
[PlyCount "84"]

1. e4 c5 2. Nf3 Nc6 3. d4 cxd4 4. Nxd4 g6 5. c4 Bg7 6. Be3 Nf6 7. Nc3 Ng4 8.
Qxg4 Nxd4 9. Qd1 e5 10. Bd3 O-O 11. O-O b6 12. Qd2 Bb7 13. Rae1 Ne6 14. Nd5 Rc8
15. b3 Nc7 16. f4 exf4 17. Bxf4 d6 18. Bg5 f6 19. Bh4 Bxd5 20. exd5 Qd7 21. h3
Rce8 22. Rxe8 Qxe8 23. Bg3 Qd7 24. Qf4 Rd8 25. Re1 Re8 26. Rxe8+ Nxe8 27. b4 f5
28. Qe3 Bf6 29. c5 bxc5 30. bxc5 dxc5 31. Qxc5 Be7 32. Qc6 Qxc6 33. dxc6 Bc5+
34. Kf1 Bb6 35. Bc4+ Kf8 36. Ke2 h6 37. Kd3 Ke7 38. Be5 Nc7 39. a4 Ne6 40. Bxe6
Kxe6 41. Bb8 a6 42. g4 fxg4 1/2-1/2

[Event "7th C. Schlechter Memorial"]
[Site "Vienna, AUSTRIA"]
[Date "1996.10.30"]
[Round "4"]
[White "Schuh, F."]
[Black "Prager, M."]
[Result "1-0"]
[WhiteElo "2285"]
[BlackElo "2165"]
[PlyCount "101"]

1. e4 c6 2. Nc3 d5 3. Nf3 dxe4 4. Nxe4 Nd7 5. Bc4 Ngf6 6. Ng3 Nb6 7. Bb3 Bg4 8.
Bxf7+ Kxf7 9. Ne5+ Kg8 10. Nxg4 Qd7 11. Nxf6+ exf6 12. O-O Bd6 13. d4 Re8 14.
Qd3 g6 15. Bh6 Bf8 16. Bxf8 Kxf8 17. Qa3+ Kg7 18. Qxa7 Nd5 19. Qa5 h5 20. Qd2
h4 21. Ne2 Qf5 22. h3 g5 23. c4 Ne7 24. Rfe1 Ng6 25. f3 Rd8 26. Rad1 Rd7 27. b4
Re8 28. a4 Ne5 29. Qe3 Red8 30. Qb3 Nf7 31. Qb1 Nd6 32. Qxf5 Nxf5 33. Kf2 Kf7
34. Rd3 Re7 35. Ra1 Nd6 36. c5 Nf5 37. b5 Ree8 38. Nc3 Rd7 39. d5 cxd5 40. Nxd5
Rc8 41. Rc1 Rcd8 42. Rcd1 Rc8 43. Nb4 Re7 44. c6 bxc6 45. Nxc6 Ree8 46. a5 Ng3
47. Rd7+ Kf8 48. Rd8 Kf7 49. R1d7+ Kg6 50. Rxe8 Rxe8 51. Re7 1-0

[Event "7th C. Schlechter Memorial"]
[Site "Vienna, AUSTRIA"]
[Date "1996.10.30"]
[Round "4"]
[White "Bawart, M."]
[Black "Kuthan, A."]
[Result "1-0"]
[WhiteElo "2255"]
[BlackElo "2225"]
[PlyCount "55"]

1. e4 c5 2. Nf3 e6 3. d4 cxd4 4. Nxd4 Nf6 5. Nc3 d6 6. Bg5 Be7 7. Qd2 O-O 8.
O-O-O a6 9. f4 Qc7 10. g4 b5 11. Bxf6 Bxf6 12. g5 Be7 13. f5 Re8 14. f6 Bf8 15.
Bd3 g6 16. h4 Nd7 17. h5 Ne5 18. hxg6 fxg6 19. Rdf1 b4 20. Nce2 a5 21. Kb1 Qf7
22. Nf3 Ba6 23. Nf4 Nxd3 24. cxd3 e5 {} 25. Nxg6 hxg6 26. Qh2 Bxd3+ 27. Ka1
Qa7 28. Nxe5 1-0

[Event "7th C. Schlechter Memorial"]
[Site "Vienna, AUSTRIA"]
[Date "1996.10.30"]
[Round "4"]
[White "Havlicek, J."]
[Black "Hangweyrer, R."]
[Result "1/2-1/2"]
[WhiteElo "2245"]
[BlackElo "2205"]
[PlyCount "131"]

1. e4 e6 2. d4 d5 3. e5 c5 4. c3 Nc6 5. Nf3 Qb6 6. Bd3 cxd4 7. cxd4 Bd7 8. Bc2
Nb4 9. O-O Nxc2 10. Qxc2 Rc8 11. Nc3 Ne7 12. Be3 Nf5 13. Qd2 Be7 14. Rac1 O-O
15. g4 Nxe3 16. fxe3 f6 17. exf6 gxf6 18. Kh1 Kh8 19. Rg1 Rg8 20. Rg2 Rg7 21.
Ne2 Rxc1+ 22. Qxc1 Qd6 23. h3 Rg8 24. Nf4 e5 25. Nh5 Rc8 26. Rc2 Rxc2 27. Qxc2
e4 28. Nh4 Bd8 29. Qf2 Qc6 30. Kg2 Kg8 31. Nf5 Kf8 32. g5 Qe6 33. Nhg7 Qf7 34.
Qf4 Bxf5 35. Nxf5 Bc7 36. Qh4 Qg6 37. Qh6+ Qxh6 38. gxh6 Kf7 39. h4 b5 40. Kh3
a6 41. Kg4 Ba5 42. h5 Bb4 43. Kf4 Bf8 44. Kg4 a5 45. Kf4 a4 46. b3 axb3 47.
axb3 Ba3 48. Kg4 Bc1 49. Kf4 Ke6 50. Ng7+ Kd7 51. Nf5 Bd2 52. Kg4 Be1 53. Kf4
Kc7 54. Ne7 Kd6 55. Nf5+ Kd7 56. Kg4 Ba5 57. Kf4 Bc7+ 58. Kg4 Bb8 59. Kh4 Bc7
60. Kg4 Bh2 61. Kh3 Bd6 62. Nxd6 Kxd6 63. Kg4 Ke6 64. b4 Ke7 65. Kf5 Kf7 66.
Kf4 1/2-1/2

[Event "7th C. Schlechter Memorial"]
[Site "Vienna, AUSTRIA"]
[Date "1996.10.30"]
[Round "4"]
[White "Stuhlik, M."]
[Black "Holzer, G."]
[Result "1/2-1/2"]
[WhiteElo "2215"]
[BlackElo "2230"]
[PlyCount "66"]

1. c4 Nf6 2. Nc3 d6 3. g3 g6 4. Bg2 Bg7 5. d4 O-O 6. Nf3 a6 7. O-O Nc6 8. h3
Rb8 9. Be3 d5 10. cxd5 Nb4 11. Bg5 Nbxd5 12. Nxd5 Nxd5 13. e4 Nf6 14. Qc2 Bd7
15. Rac1 Rc8 16. Rfd1 c6 17. a3 Be6 18. b4 a5 19. Bd2 a4 20. Re1 Bb3 21. Qb2
Nd7 22. Bc3 Nb6 23. Nd2 Nc4 24. Nxc4 Bxc4 25. d5 Bxc3 26. Rxc3 cxd5 27. exd5
Qd6 28. Rce3 Rc7 29. Qe5 Rd8 30. Qxd6 Rxd6 31. Rxe7 Rxe7 32. Rxe7 Bxd5 33. Bxd5
Rxd5 1/2-1/2

[Event "7th C. Schlechter Memorial"]
[Site ""Vienna, AUSTRIA""]
[Date ""1996.10.31""]
[Round "5"]
[White "Popovic, P."]
[Black "Groszpeter, A."]
[Result "1/2-1/2"]
[WhiteElo "2575"]
[BlackElo "2545"]
[PlyCount "21"]

1. e4 c5 2. Nf3 d6 3. d4 cxd4 4. Nxd4 Nf6 5. Nc3 Nc6 6. g3 Qb6 7. Nb3 Bg4 8. f3
Be6 9. Qe2 Nb4 10. Bg5 a6 11. O-O-O 1/2-1/2

[Event "7th C. Schlechter Memorial"]
[Site ""Vienna, AUSTRIA""]
[Date ""1996.10.31""]
[Round "5"]
[White "Lau, R."]
[Black "Blatny, P."]
[Result "1/2-1/2"]
[WhiteElo "2510"]
[BlackElo "2490"]
[PlyCount "26"]

1. e4 e5 2. Nf3 Nc6 3. Bb5 a6 4. Ba4 Nf6 5. O-O Be7 6. Re1 b5 7. Bb3 d6 8. c3
O-O 9. h3 a5 10. a4 b4 11. d3 Rb8 12. Nbd2 bxc3 13. bxc3 d5 1/2-1/2